Carregant...
Yoga philosophy in relation to other system of Indian thought /
| Format: | Printed Book |
|---|---|
| Idioma: | English |
| LEADER | 00336nam a22000857a 4500 | ||
|---|---|---|---|
| 008 | 190321b ||||| |||| 00| 0 eng d | ||
| 999 | |c 332949 |d 332949 | ||
| 245 | |a Yoga philosophy in relation to other system of Indian thought / | ||
| 942 | |c BK | ||
| 952 | |0 0 |1 0 |2 ddc |4 0 |7 0 |9 380194 |a SAN |b SAN |c ST1 |d 2019-03-21 |i 33608 |l 1 |p SAN33608 |r 2019-08-21 |s 2019-03-21 |w 2019-03-21 |y BK | ||